1205 1867 1511 1892 1808 1805 1097 1182 1461 1600 1512 1535 1598 1555 1997 1278 1414 1297 1113 1582 1819 1336 1634 1060 1496 1557 1979 1226 1507 1390 1182 1706 1814 1522 1191 1848 1490 1926 1702 1219 1647 1206 1869 1200 1213 1879 1258 1992 1588 1999 1617 1791 1029 1231 1703 1930 1227 1975 1567 1471 1766 1176 1936 1096 1681 1303 1942 1405 1811 1703 1087 1863 1767 1411 1011 1114 1233 1802 1458 1692 1993 1438 1089 1905 1480 1413 1239 1884 1112 1340 1177 1902 1745 1579 1601 1343 1265 1526 1624 BCNSPRNW ULIB Ver.6.0+V

เปลี่ยนเป็นภาษาไทย

Change to English
 แสดงรายละเอียดบรรณานุกรม
  กลับหน้าหลัก

Brief Record : Get Marc (ISO 2709) : E-mail record : QR code < ปิดหน้าต่าง
LEADER : 00000nam 2200000uu 4500
001    13399124773
003     ULIB
008    020711s2014 th a 000 0 eng d
020    9780323085496
060    WY49^bA182N
100    Betty J. Ackley
245    Nursing Diagnosis Handbook - An Evidence-Based Guide to Planning Care./^cBetty J. Ackley,Gail B.Ladwig.
250    10th ed.th ed
260    Maryland :^bMosby Elsevier,^c2014
300    887 pages;^b25 cm
650    Nursing diagnosis
650    Evidence-Based Nursing
650    Patient Care Planning
700    Gail B.Ladwig
945    ^p0^l0^i23284
รายการนี้ยังไม่มีแท็ก
คุณยังไม่ได้ล็อกอิน คุณสามารถมีกิจกรรมร่วมกับเว็บไซต์ได้ แต่ต้องล็อกอินก่อน ::
  ล็อกอิน

รายการสื่อสารสนเทศ

ลำดับที่ ประเภท เลขเรียก/บาร์โค้ด สถานที่ สถานะ
1. Book การพยาบาล
Book การพยาบาล
WY49 A182N ฉ.1 
  Barcode: 23284
ห้องสมุดวิทยาเขตนครสวรรค์
►หนังสือทั่วไป:l:General Books
บนชั้น

รายการใกล้เคียง
    หัวเรื่อง [Nursing diagnosis]
    หัวเรื่อง [Evidence-Based Nursing]
    หัวเรื่อง [Patient Care Planning]

BibComment


ยังไม่เคยถูกคอมเมนท์

คอมเมนท์ทรัพยากรรายการนี้
  คอมเมนท์: Nursing Diagnosis..


 Copyright 2026. Bcnsprnw @Library